Stíny světla /

Hlavní autor: Bartošková, Věra, 1946-
Další autoři: Dědek, Vladimír, 1939-
Jazyk: Čeština
Vydáno: Ústí nad Labem : Severočeská vědecká knihovna, 2019
Témata:
Fyzický popis: 67 stran : ilustrace ; 15 cm
Knihy
Uloženo v:
LEADER 01395nam a2200385 i 4500
001 nkc20193072380
003 CZ PrNK
005 20191125105846.0
007 ta
008 190124s2019 xr a g 000 p cze
015 |a cnb003072380 
020 |a 978-80-7055-234-6  |q (Severočeská vědecká knihovna ;  |q brožováno) 
035 |a (OCoLC)1130259519 
040 |a BOA001  |b cze  |e rda 
072 7 |a 821.162.3-1  |x Česká poezie  |2 Konspekt  |9 25 
080 |a 821.162.3-1  |2 MRF 
080 |a (0:82-1)  |2 MRF 
100 1 |a Bartošková, Věra,  |d 1946-  |7 jo20000075603  |4 aut 
245 1 0 |a Stíny světla /  |c Věra Bartošková ; ilustrace: Vladimír Dědek 
246 1 |i Název v tiráži:  |a Světlo stínů 
264 1 |a Ústí nad Labem :  |b Severočeská vědecká knihovna,  |c 2019 
300 |a 67 stran :  |b ilustrace ;  |c 15 cm 
336 |a text  |b txt  |2 rdacontent 
337 |a bez média  |b n  |2 rdamedia 
338 |a svazek  |b nc  |2 rdacarrier 
500 |a Vydáno ve spolupráci se Sveročeským klubem spisovatelů 
655 7 |a česká poezie  |7 fd133958  |2 czenas 
655 9 |a Czech poetry  |2 eczenas 
700 1 |a Dědek, Vladimír,  |d 1939-  |7 xx0192060  |4 ill 
910 2 |a BOA001  |b S-1438.181 
928 9 |a Severočeský klub spisovatelů 
990 |a BK 
995 |a 01 
991 |b 201911  |c NOV 
996 6 |b 2610803054  |c S-1438.181  |l MZK  |r Sklad / do 24 hodin  |n 0  |p p.v.  |w 001764801  |u 000010  |a 1  |e BOA001  |j MZK50  |s P